000 00817nam a2200181 a 4500
008 120416s1990 ||||||||||||||||| || u
020 _a0333537181
050 _aTA 683.2 Mos
100 _aMosley, J. H
245 1 0 _aReinforced concrete design
250 _a4th ed.
260 _aLondon
_bMcMillan
_c1990
300 _ax, 392p. : ill.
350 _a0.00
995 _aBINDERY (DAMAGED)
_D0.00
_e725873
_FCBU-MAIN LIBRARY (Kitwe)
_H2
_I15.55
_jTA 683.2 Mos
_M3
_UDAMAGED
_y020278
_ZMain Library Open Access Collection
995 _aBINDERY (DAMAGED)
_D0.00
_e724932
_FCBU-MAIN LIBRARY (Kitwe)
_H1
_I15.55
_jTA 683.2 Mos
_M1
_UDAMAGED
_y013868
_ZMain Library Open Access Collection
995 _aBINDERY (DAMAGED)
_D0.00
_e724931
_FCBU-MAIN LIBRARY (Kitwe)
_H3
_I15.55
_jTA 683.2 Mos
_M2
_UDAMAGED
_y013869
_ZMain Library Open Access Collection
999 _c80029
_d80029